The national experience

-д хадгалсан:
Номзүйн дэлгэрэнгүй
Үндсэн зохиолчид: Blum, John M (Зохиогч), Catton, Bruce (Зохиогч), Schlesinger, Arthur M (Зохиогч), Stampp, Kenneth M (Зохиогч), Woodward, C. Vann (Зохиогч)
Бусад зохиолчид: Morgan, Edmund S. (autor)
Формат: Ном
Хэл сонгох:англи
Хэвлэсэн: Nueva York Harcourt, Brace and World 1963
Нөхцлүүд:
Шошгууд: Шошго нэмэх
Шошго байхгүй, Энэхүү баримтыг шошголох эхний хүн болох!

MARC

LEADER 00000nam a2200000 a 4500
001 UCO1068
003 CL-VaPUC
008 000505e19630000US |||||||||||||||||eng|d
082 0 4 |a 973  |b BLU  |2 21 
100 0 |a Blum, John M  |e author  |9 442847 
700 0 |a Catton, Bruce  |e author  |9 442848 
700 |a Morgan, Edmund S.  |e autor  |9 599799 
700 0 |a Schlesinger, Arthur M  |e author  |9 442850 
700 0 |a Stampp, Kenneth M  |e author  |9 442851 
700 0 |a Woodward, C. Vann  |e author  |9 442852 
245 1 4 |a The national experience 
300 |a 858 p 
942 |c BK 
945 |d 20000505 00:00:00  |a crobeson 
260 |a Nueva York  |b Harcourt, Brace and World  |c 1963 
650 7 |a HISTORIA ESTADOUNIDENSE  |2 CL-VaPUC  |9 350346 
650 7 |a COLONIA  |2 CL-VaPUC  |9 442853 
650 7 |a COLONIAS INGLESAS  |2 CL-VaPUC  |9 433674 
650 7 |a MERCANTILISMO  |2 CL-VaPUC  |9 313449 
650 0 |a Vida y costumbres  |9 611784 
650 0 |a Guerra civil  |9 320243 
650 0 |a Revolución industrial  |9 309422 
650 7 |a PROGRESISMO  |2 CL-VaPUC  |9 442796 
650 0 |a Primera Guerra Mundial   |9 373283 
650 0 |a Crisis económica   |y 1929  |9 437148 
650 0 |a Segunda Guerra Mundial  |9 325982 
650 0 |a Posguerra  |9 372262 
650 0 |a Guerra Fría   |9 319648 
651 0 |a Estados Unidos  |9 255178 
583 |a last modification  |c 20000505 00:00:00  |k Rodrigo Vera 
999 |c 287701  |d 287699 
952 |0 0  |1 0  |4 0  |6 973_000000000000000_BLU_1963  |7 0  |8 A  |9 334665  |a BIBHIS  |b BIBHIS  |d 2019-11-20  |i 1273469  |o 973 BLU 1963  |p 1273469  |r 2025-01-20  |w 2019-11-20  |y BK  |k HIS